Responses for Show #8780 - Friday, January 6, 2023

Contestants

[<< previous game]

Reuben D'souza, a surgical consultant from Mississauga, Ontario, Canada

Caitlin Monesmith, a Ph.D. candidate from Chicago, Illinois

Patrick Curran, a consultant from Washington, D.C. (whose 1-day cash winnings total $30,000)

[next game >>]

Jeopardy! Round responses

THE PRESIDENT IMMEDIATELY BEFORE...
A TRIP TO THE ISLANDS
THE WHOLE TOOTH
WE'RE ON THE CASE
COLORFUL PEOPLE
LETTER PERFECT
    $200 30
George W. Bush

Reuben
    $200 29
Chile

Patrick
    $200 18
grinding (your teeth)

Patrick
    $200 28
a suitcase

Reuben
    $200 8
(Jack) White

Patrick
    $200 26
X

Patrick
    $400 19
Abraham Lincoln

Patrick
    $400 27
Christmas Island

Patrick
    $400 16
the Cheshire Cat

Patrick
    $400 23
IKEA

Patrick
    $400 4
(Draymond) Green

Patrick
    $400 24
B.

Reuben
    $600 9
(Reuben: Who is... uh, Truman?)

Eisenhower

PatrickReuben
    $1,000 2
(Patrick: What is Baffin?)

Prince Edward Island

Patrick
    $600 12
enamel

Caitlin
    $600 20
a staircase

Patrick
    $600 5
Grey

Reuben
    $600 3
(Reuben: What is S?)
...
(Ken: He added the [*] in Faulkner.)

U

Reuben
Triple Stumper
    $800 1
(Patrick: Who is Van Buren?)
(Caitlin: Who is Lincoln?)

John Quincy Adams

PatrickCaitlin
Triple Stumper
    $800 11
Crater Lake

Caitlin
    $800 13
veneer

Patrick
    $800 21
24

Patrick
    $800 7
Clint Black

Triple Stumper
    $800 17
(Patrick: What is MTA?)

the L

PatrickCaitlin
    $1000 10
(Woodrow) Wilson

Patrick
    $1000 14
Crete

Caitlin
    $1000 15
the canines

Caitlin
    $1000 22
uppercase (letters)

Triple Stumper
    $1000 6
Sienna Miller

Triple Stumper
    $1000 25
(Caitlin: Uh, what is T?)

W

CaitlinReuben

Scores at the first commercial break (after clue 15):

Patrick Caitlin Reuben
$1,200 $2,600 -$600

Scores at the end of the Jeopardy! Round:

Patrick Caitlin Reuben
$4,000 $2,400 $1,200

Double Jeopardy! Round responses

NATIVE AMERICAN SELF-NAMES
LEGALLY SPEAKING
RECORD OF THE YEAR GRAMMYS
ADD A SYLLABLE
WORKERS OF THE WORLD
YOU, KNIGHT
    $400 30
(Ken: Reuben's friend the [*], that's right.)
[Laughter]

a raccoon

Caitlin
    $400 26
hung

Reuben
    $400 27
"My Heart Will Go On"

Patrick
    $400 13
entertain

Reuben
    $400 28
Australia

Reuben
    $400 25
Shrek

Caitlin
    $3,000 20
the Navajo

Patrick
    $800 11
community service

Caitlin
    $800 16
Simon and Garfunkel

Patrick
    $800 4
embed

Reuben
    $800 22
a (coal) miner

Triple Stumper
    $800 19
(Walter) Scott

Patrick
    $1200 21
(Caitlin: What is Nevada?)

Wisconsin

Caitlin
Triple Stumper
    $1200 7
proffer

Patrick
    $1200 3
"What's Love Got To Do With It"

Triple Stumper
    $1200 5
conduct

Caitlin
    $1200 9
collective bargaining

Patrick
    $5,600 2
(Ken: It's in Canterbury Tales, that's correct.)

Chaucer

Patrick
    $1600 23
a mission

Caitlin
    $1600 8
medical malpractice

Patrick
    $1600 15
Roberta Flack

Triple Stumper
    $1600 6
(Ken: From proper you get [*].)

property

Triple Stumper
    $1600 1
Socialism

Patrick
    $1600 18
(Ken: [*] and the Green Knight, right.)

Gawain

Caitlin
    $2000 29
the Finger Lakes

Patrick
    $2000 10
an easement

Reuben
    $2000 14
Silk Sonic

Reuben
    $2000 12
(Ken: Tact & [*].)

intact

Triple Stumper
    $2000 17
(Patrick: What is lone wolf?)

yellow dog contracts

Patrick
Triple Stumper
    $2000 24
Lohengrin

Triple Stumper

Scores at the end of the Double Jeopardy! Round:

Patrick Caitlin Reuben
$20,200 $7,200 $7,200
(lock game)

[wagering suggestions for these scores]

Final Jeopardy! Round responses

HISTORIC PEOPLE
[Reuben's response was revealed first.]
(Ken: [To Reuben] Set adrift after the mutiny on the Bounty.)
CaitlinWho is Cook?
$3,600
ReubenWho is Cook Bligh?
$7,200
PatrickWho is Cook?
$4,800
(Captain) Bligh

Final scores:

Patrick Caitlin Reuben
$15,400 $3,600 $14,400
2-day champion: $45,400 3rd place: $1,000 2nd place: $2,000

Game dynamics:

Coryat scores:

Patrick Caitlin Reuben
$14,600 $7,200 $7,200
24 R
(including 2 DDs),
4 W
(including 1 DD)
11 R,
3 W
11 R,
2 W

Combined Coryat: $29,000

[game clues] [game scores] [suggest correction]

Game tape date: 2022-11-14
The J! Archive is created by fans, for fans. Scraping, republication, monetization, and malicious use prohibited; this site may use cookies and collect identifying information. See terms. The Jeopardy! game show and all elements thereof, including but not limited to copyright and trademark thereto, are the property of Jeopardy Productions, Inc. and are protected under law. This website is not affiliated with, sponsored by, or operated by Jeopardy Productions, Inc. Join the discussion at JBoard.tv.